00601nam a2200193Ia 450000500170000000800410001704000190005804100120007708200170008910000180010624500560012426000580018030000160023865000140025485000110026894200070027999900170028695201040030320240429125236.0131103s9999 xx 000 0 und d aLoreto College aEnglish a371.33 bTUR aTurner, Peter aTelevision in the Service of a SchoolcPeter Turner aLondonbEducational Foundation for Visual Aidsc[19?] a91p.b ill. aEducation aLCBED  cBK c26219d76698 00102ddc4070aMAINbMAINd2013-11-04l0o371.33 TUR 2376pB29060r2013-11-04w2013-11-04yBKf